El Notario del siglo XXI : (Record no. 196120)

MARC details
000 -LEADER
campo de control de longitud fija 01825nas a2200493 i 4500
001 - NÚMERO DE CONTROL
campo de control 196120
003 - IDENTIFICADOR DE NÚMERO DE CONTROL
campo de control ES-MaACL
005 - FECHA Y HORA DE LA ÚLTIMA TRANSACCIÓN
campo de control 20250815051158.0
006 - CÓDIGOS DE INFORMACIÓN DE LONGITUD FIJA--CARACTERÍSTICAS DEL MATERIAL ADICIONAL
campo de control de longitud fija m g d |
007 - CAMPO FIJO DE DESCRIPCIÓN FÍSICA--INFORMACIÓN GENERAL
campo de control de longitud fija cr*|||||||||||
008 - DATOS DE LONGITUD FIJA--INFORMACIÓN GENERAL
campo de control de longitud fija 240813c20059999sp br ps 0 b0spa
010 ## - NÚMERO DE CONTROL DE LA BIBLIOTECA DEL CONGRESO
Número de control de LC n
Número de control de NUCMC 0
022 0# - NÚMERO INTERNACIONAL NORMALIZADO PARA PUBLICACIONES SERIADAS
Número Internacional Normalizado para Publicaciones Seriadas 2444-4421
Fuente _u
035 ## - NÚMERO DE CONTROL DEL SISTEMA
Número de control de sistema (OCoLC)1201144568
035 ## - NÚMERO DE CONTROL DEL SISTEMA
Número de control de sistema (SpMaBN)a5671834
035 ## - NÚMERO DE CONTROL DEL SISTEMA
Número de control de sistema 991052316539708606
040 ## - FUENTE DE CATALOGACIÓN
Centro catalogador/agencia de origen SpMaBN
Lengua de catalogación spa
Centro/agencia transcriptor SpMaBN
Normas de descripción rdc
Centro/agencia modificador ES-MaACL
080 ## - NÚMERO DE LA CLASIFICACIÓN DECIMAL UNIVERSAL
Número de la Clasificación Decimal Universal 347.961.8(460.27 M.)
080 ## - NÚMERO DE LA CLASIFICACIÓN DECIMAL UNIVERSAL
Número de la Clasificación Decimal Universal 347.961(460)
130 3# - ENTRADA PRINCIPAL--TÍTULO UNIFORME
Título uniforme El notario del siglo XXI (Internet)
9 (RLIN) 238357
210 0# - TÍTULO ABREVIADO
Título abreviado Notario siglo XXI
Información calificativa Internet
222 #3 - TÍTULO CLAVE
Título clave El Notario del siglo XXI
Información calificativa Internet
245 13 - MENCIÓN DEL TÍTULO
Título El Notario del siglo XXI :
Resto del título revista bimestral del Colegio Notarial de Madrid
246 10 - FORMA VARIANTE DEL TITULO
Título propio/Titulo breve Notario del siglo veintiuno
260 ## - PUBLICACIÓN, DISTRIBUCIÓN, ETC.
Lugar de publicación, distribución, etc. Madrid :
Nombre del editor, distribuidor, etc. Colegio Notarial de Madrid,
Fecha de publicación, distribución, etc. 2005-
310 ## - PERIODICIDAD ACTUAL
Periodicidad actual Bimestral
336 ## - TIPO DE CONTENIDO
Término de tipo de contenido Texto (visual)
Fuente isbdcontent
337 ## - TIPO DE MEDIO
Nombre/término del tipo de medio electrónico
Fuente isbdmedia
338 ## - TIPO DE SOPORTE
Fuente rdacarrier
Nombre/término del tipo de soporte volumen
362 0# - FECHAS DE PUBLICACIÓN Y/O DESIGNACIÓN SECUENCIAL
Fecha de publicación y/o designación secuencial N. 1 (mayo-jun. 2005)-
500 ## - NOTA GENERAL
Nota general Última consulta, 13 de agosto de 2024
530 ## - NOTA DISPONIBLE DE FORMULARIO FÍSICO ADICIONAL
Nota de formato físico adicional disponible Disponible en formato impreso
594 ## - Nota al título y mención de responsabilidad
Nota al título y mención de responsabilidad Título tomado de la pantalla principal de búsqueda (consultado el 13 de agosto de 2024)
610 27 - PUNTO DE ACCESO ADICIONAL DE MATERIA--NOMBRE DE ENTIDAD CORPORATIVA
Nombre de entidad corporativa o nombre de jurisdicción como elemento de entrada Colegio Notarial de Madrid
Fuente del encabezamiento o término embne
9 (RLIN) 158090
650 #7 - PUNTO DE ACCESO ADICIONAL DE MATERIA--TÉRMINO DE MATERIA
Término de materia o nombre geográfico como elemento de entrada Notariado-
9 (RLIN) 145428
Subdivisión geográfica España
655 #0 - TERMINO DE INDIZACIÓN--GENERO/FORMA
Datos o término principal de género/forma Páginas Web
Fuente del término tgfbne
9 (RLIN) 226719
655 #0 - TERMINO DE INDIZACIÓN--GENERO/FORMA
Datos o término principal de género/forma Revistas electrónicas
9 (RLIN) 226718
710 2# - ENTRADA AGREGADA--NOMBRE DE ENTIDAD CORPORATIVA
Nombre de entidad corporativa o nombre de jurisdicción como elemento de entrada Colegio Notarial de Madrid
9 (RLIN) 158090
776 1# - ENTRADA DE FORMULARIO FÍSICO ADICIONAL
Información de relación Versión impresa
Título Notario del siglo XXI =
Número Internacional Normalizado para Publicaciones Seriadas ISSN 1885-009X
biblionumber 196118
Número de control del registro 196118
856 40 - LOCALIZACIÓN Y ACCESO ELECTRÓNICOS
Identificador Uniforme de Recursos <a href="http://www.elnotario.es/">http://www.elnotario.es/</a>
Texto de enlace Acceso electrónico
942 ## - ELEMENTOS DE ENTRADA SECUNDARIOS (KOHA)
Fuente del sistema de clasificación o colocación Clasificación decimal universal
Suprimir en OPAC No
Tipo de ítem Koha Revista electrónica
955 ## - CATALOGADOR - EDICIÓN
Nombre de catalogador Pilar Fernández Vera

No items available.